Developing talent in young people
| Other Authors: | |
|---|---|
| Format: | Book |
| Published: |
New York :
Ballantine Books ,
1985
|
| Subjects: |
MARC
| LEADER | 00000cam a2200000 7i4500 | ||
|---|---|---|---|
| 001 | 0000007949 | ||
| 002 | 000008525 | ||
| 005 | 20000330.0 | ||
| 020 | |a 034531509X | ||
| 090 | 0 | 0 | |a 305.9 |b DEV |
| 245 | 0 | 0 | |a Developing talent in young people |c edited by Benjamin S. Bloom |
| 260 | |a New York : |b Ballantine Books , |c 1985 | ||
| 300 | |a 549p. ; |c 21cm. | ||
| 650 | 0 | 0 | |a Gifted persons |
| 650 | 0 | 0 | |a Talented students |
| 700 | 1 | |a Bloom, Benjamin S | |
| 999 | |a 023893 |b BUKU |c PINJAMAN |e PERPUSTAKAAN KOMUNITI PETALING JAYA | ||